000
00285nam a22001337a 4500
008
170516b xxu||||| |||| 00| 0 eng d
020
_a
9780131299856
041
_a
eng
080
_a
94 100
100
_a
16
101
_a
SHH
245
_a
WORLD HISTORY
_c
HALL.P
942
_2
udc
_c
BK
999
_c
13358
_d
13358